Équipe NBA actuel - Statistiques

Statistiques générales
  • Ce quiz a été pris 289 fois
  • Le résultat moyen est 27 sur 30
Statistiques - réponses
Par images Réponse % Correct
CHICAGO BULLS
99%
BROOKLYN NETS
97%
NEW YORK KNICKS
97%
BOSTON CELTICS
96%
CLEVELAND CAVALIERS
95%
MIAMI HEAT
95%
CHARLOTTE HORNETS
94%
LOS ANGELES LAKERS
94%
GOLDEN STATE WARRIORS
93%
HOUSTON ROCKETS
93%
MILWAUKEE BUCKS
91%
SAN ANTONIO SPURS
91%
ATLANTA HAWKS
89%
DETROIT PISTONS
89%
INDIANA PACERS
89%
LA CLIPPERS
89%
MEMPHIS GRIZZLIES
89%
PHOENIX SUNS
89%
UTAH JAZZ
89%
OKLAHOMA CITY THUNDER
88%
TORONTO RAPTORS
88%
DENVER NUGGETS
86%
ORLANDO MAGIC
85%
PHILADELPHIA 76ERS
84%
DALLAS MAVERICKS
83%
NEW ORLEANS PELICANS
83%
SACRAMENTO KINGS
83%
MINNESOTA TIMBERWOLVES
80%
PORTLAND TRAIL BLAZERS
80%
WASHINGTON WIZARDS
78%
Aucun quiz correspondant
Distribution des résultats
% des personnes avec chaque résultat
Percentile par nombre de réponses
Votre historique - résultats
Vous n’avez pas pris ce quiz